000 00492nmm a2200169Ia 4500
008 251105s9999||||xx |||||||||||||||||und||
020 _a9788477373025
041 _aspa
100 _aCastellanos, Santiago
245 0 _aConstantino :
_b Crear un emperador
264 _a[Madrid, España] :
_bSílex Ediciones,
_c2010
300 _a304 páginas
490 _aSerie Historia Antigua
650 _aHistory of Europe
856 _uhttps://public.digitaliapublishing.com/a/6374
942 _cCF
999 _c85395
_d85395